000 00245nam a22001097a 4500
008 170116b xxu||||| |||| 00| 0 eng d
020 _a9780536386151
041 _aeng
080 _a618.2
245 _aMEDICAL ASSISTING
_cRICE, J
942 _2udc
_cBK
999 _c2961
_d2961